| 000 | 00581nam a2200193 u 4500 | ||
|---|---|---|---|
| 005 | 20210223131317.0 | ||
| 008 | 100615s2008 ag r 000 0 spa d | ||
| 020 | _a9789500307628 | ||
| 035 | _aUPN01000176578 | ||
| 049 | _aCG | ||
| 050 | 4 |
_aPQ9261 P4.17 _bB3.6 |
|
| 100 | 1 |
_aPessoa, Fernando, _d1888-1935 _930063 |
|
| 245 | 1 | 3 |
_aEl banquero anarquista / _cFernando Pessoa ; tr. y prĂ³l. de Adriana Amante. |
| 260 |
_aBuenos Aires : _bLosada, _c2008. |
||
| 300 | _a85 p. | ||
| 440 | 0 |
_aClasicos Losada. _pNarrativa ; _v738 |
|
| 650 | 4 |
_aNOVELA PORTUGUESA _915656 |
|
| 905 | _aLibro | ||
| 999 |
_c148681 _d148681 |
||